000 00626nam a2200217Ia 4500
005 20260115172903.0
008 008 260114s9999 xx 000 0 eng d
020 _a9780511780226
037 _aEBOOK
040 _aCRL
_beng
_cCRL
041 _aeng
_2eng
084 _qCRL
100 _aHegel
_9879899
245 0 _aGeorg Wilhelm Friedrich Hegel: Encyclopedia of the Philosophical Sciences in Basic Outline
260 _bCambridge University Press
260 _bCambridge University Press
260 _c2021
856 _uhttps://doi.org/10.1017/9780511780226
942 _cEBOOK
999 _c1478506
_d1478506